00334nam a22000857a 4500008004100000082001600041245012600057260005500183300001000238230606b xxu||||| |||| 00| 0 eng d a338.88bSID aEast African IntegrationbDynamics of Equity in Trade, Education, Media and LabourcSociety for International Development aKenyabSociety for International Developmentc2011 a215 p